Baby Names: British (2000) Quiz Stats

 Plays Quiz not verified by Sporcle

Score 0/100 Timer 10:00
0 Plays Today
Gender Name % Correct
Boy (1-25)James
89.3%
Boy (1-25)Harry
83.6%
Boy (1-25)Thomas
81.8%
Boy (1-25)William
81.8%
Boy (1-25)Jack
81%
Boy (1-25)Daniel
79.8%
Girl (1-25)Emily
79.8%
Girl (1-25)Emma
76%
Boy (26-50)David
75.6%
Boy (26-50)Michael
74.5%
Girl (26-50)Sarah
73.7%
Boy (26-50)Alex
72.7%
Boy (1-25)Matthew
72.1%
Girl (26-50)Elizabeth
71.3%
Girl (1-25)Hannah
70.3%
Boy (1-25)George
69.5%
Boy (1-25)Samuel
67.9%
Boy (26-50)Ben
67.5%
Girl (1-25)Olivia
67.3%
Girl (1-25)Jessica
67.3%
Girl (26-50)Anna
66.9%
Boy (1-25)Luke
66.3%
Boy (1-25)Joshua
65.9%
Boy (1-25)Oliver
65.7%
Boy (26-50)Robert
65.7%
Boy (26-50)Charles
65.5%
Girl (1-25)Chloe
64.8%
Boy (1-25)Joseph
64.4%
Boy (26-50)Christopher
64%
Boy (1-25)Alexander
63.8%
Girl (1-25)Katie
62.6%
Girl (1-25)Rebecca
62.2%
Boy (26-50)Jacob
62%
Girl (1-25)Sophie
62%
Gender Name % Correct
Girl (26-50)Laura
61.6%
Girl (1-25)Lauren
61%
Boy (26-50)Edward
60.2%
Girl (26-50)Rachel
59.2%
Boy (1-25)Benjamin
58.6%
Girl (1-25)Charlotte
58.4%
Girl (26-50)Lily
57%
Girl (1-25)Amy
56.8%
Girl (1-25)Lucy
56.8%
Boy (26-50)Charlie
56.2%
Boy (26-50)Louis
55.8%
Boy (1-25)Adam
55%
Girl (1-25)Grace
54.5%
Boy (1-25)Ryan
53.5%
Girl (26-50)Ella
53.3%
Boy (1-25)Nathan
51.7%
Boy (1-25)Liam
50.5%
Girl (26-50)Alexandra
50.5%
Boy (1-25)Jake
50.1%
Girl (26-50)Alice
49.7%
Boy (26-50)Joe
48.9%
Girl (1-25)Megan
48.7%
Girl (1-25)Ellie
48.5%
Girl (26-50)Zoe
48.3%
Girl (26-50)Amelia
47.5%
Girl (1-25)Abigail
47.5%
Girl (1-25)Molly
45.9%
Boy (26-50)Ethan
44.6%
Boy (1-25)Lewis
44.2%
Boy (26-50)Aaron
44.2%
Boy (26-50)Kyle
44.2%
Girl (26-50)Daisy
43%
Boy (26-50)Jamie
42.2%
Girl (1-25)Georgia
42.2%
Gender Name % Correct
Boy (1-25)Connor
41.6%
Girl (26-50)Holly
41.6%
Girl (26-50)Nicole
40%
Girl (1-25)Bethany
39%
Girl (26-50)Leah
38.8%
Boy (1-25)Jordan
38.4%
Girl (26-50)Mia
36.8%
Boy (1-25)Callum
34.9%
Boy (26-50)Max
34.9%
Girl (1-25)Eleanor
34.5%
Boy (26-50)Dylan
33.9%
Boy (1-25)Cameron
32.1%
Girl (1-25)Jade
32.1%
Boy (26-50)Brandon
30.7%
Girl (26-50)Jasmine
30.5%
Boy (26-50)Mohammed
29.7%
Boy (26-50)Bradley
29.5%
Boy (26-50)Owen
29.5%
Girl (26-50)Amber
28.9%
Girl (26-50)Phoebe
27.7%
Girl (26-50)Natasha
27.3%
Girl (1-25)Caitlin
27.3%
Girl (1-25)Courtney
25%
Girl (26-50)Abbie
23.6%
Boy (26-50)Rhys
23.4%
Girl (26-50)Chelsea
23%
Boy (26-50)Kieran
21.2%
Girl (26-50)Paige
21%
Girl (1-25)Shannon
20.4%
Boy (26-50)Reece
20%
Girl (26-50)Imogen
19.8%
Girl (26-50)Niamh
18.6%

You're not logged in!

Compare scores with friends on all Sporcle quizzes.
OR
Log In

Show Comments

Extras

Top Quizzes Today


Score Distribution

Your Account Isn't Verified!

In order to create a playlist on Sporcle, you need to verify the email address you used during registration. Go to your Sporcle Settings to finish the process.

Report this User

Report this user for behavior that violates our Community Guidelines.

Details: